| 000 | 00760nas a2200253 4500 | ||
|---|---|---|---|
| 001 | BR0807467 | ||
| 003 | BR-BrBNA | ||
| 005 | 20231205112239.0 | ||
| 007 | ta | ||
| 008 | 230509b bl.|||p| |||| 00| 00por d | ||
| 040 |
_aBR-BrBNA _bpor _cBiblioteca Nacional de Agricultura |
||
| 041 | _a(Pt) | ||
| 072 | _aH10 | ||
| 100 | 1 | _aMaritan, A.C. | |
| 100 | 1 | _aGaspar, J.O. | |
| 100 | 1 | _aCamargo, L.E.A. | |
| 245 | 1 | _aIdentificação e caracterização de um Potyvírus isolado de zinnia elegans | |
| 650 | _aVIRUS | ||
| 650 | _aPRAGA DE PLANTA | ||
| 650 | _aIDENTIFICAÇÃO | ||
| 773 | 0 |
_tFitopatologia Brasileira (Brazil) _xISSN 0100-4158 _g(Jan-Feb 2004), v. 29(1) p. 28-33 _wBR0807467 |
|
| 909 |
_a202311 _bLúcia _c55 _dLúcia Elande |
||
| 942 |
_2AGRIS _n0 _cANA |
||
| 999 |
_c196964 _d196964 |
||